| 000 | 00807nam a22002411a 4500 | ||
|---|---|---|---|
| 005 | 20150617020008.0 | ||
| 008 | 091005s1998 001 0 eng d | ||
| 020 | _c0.00 | ||
| 040 | _aNEGST Library - Kenya | ||
| 050 | 4 | _aPJ 2181.H3H36 1998 | |
| 082 | 0 | _aPJ 2181.H3H36 1998 | |
| 100 | 1 | _aHankore Daniel. | |
| 245 | 1 | 0 | _aNominalization In Hadiyya. |
| 260 |
_aNairobi, Kenya.] : _b[NEGST, _c1998. |
||
| 300 | _av, 58p. | ||
| 440 | 0 | _aThesis (M.A. Translation Studies) Nairob | |
| 500 | _aIncludes bibliographical references Thesis (M.A. Translation Studies) - NEGST, Nairobi [Africana] | ||
| 600 | 1 | 0 | _aAfrican Language. |
| 600 | 1 | 0 | _aHadiyya Language- Grammar. |
| 852 | _910.00 | ||
| 852 | _910.00 | ||
| 942 | 0 | 0 | _01 |
| 999 |
_c40708 _d40708 |
||